|
|
|
|
| LEADER |
01303nam a2200301 a 4500 |
| 001 |
13493051 |
| 008 |
090709s2004 ctu be 001 0deng d |
| 010 |
|
|
|a 2004042478
|
| 020 |
|
|
|a 0313327319 (alk. paper)
|
| 040 |
|
|
|a DLC
|c DLC
|d DLC
|
| 082 |
0 |
0 |
|a 809/.89287
|2 22
|
| 100 |
1 |
|
|a Whitson, Kathy J.
|
| 245 |
1 |
0 |
|a Encyclopedia of feminist literature /
|c Kathy J. Whitson.
|
| 260 |
|
|
|a Westport, Conn. :
|b Greenwood Press,
|c 2004.
|
| 300 |
|
|
|a xi, 300 p. ;
|c 26 cm.
|
| 504 |
|
|
|a Includes bibliographical references and index.
|
| 541 |
1 |
|
|e 00016540
|
| 650 |
|
0 |
|a Women authors
|v Bio-bibliography.
|
| 650 |
|
0 |
|a Women and literature
|v Encyclopedias.
|
| 650 |
|
0 |
|a Feminist literature
|v Encyclopedias.
|
| 650 |
|
0 |
|a Feminism and literature
|v Encyclopedias.
|
| 650 |
|
0 |
|a Feminism in literature
|v Encyclopedias.
|
| 650 |
|
0 |
|a Women in literature
|v Encyclopedias.
|
| 852 |
4 |
|
|a Ayesha Abed Library
|j General Shelf.
|
| 942 |
0 |
0 |
|0 1
|
| 999 |
|
|
|c 2238
|d 2238
|
| 952 |
|
|
|0 0
|1 0
|2 ddc
|4 0
|6 809_892870000000000_WHI_2004
|7 0
|9 2064
|a BRACUL
|b BRACUL
|c GEN
|d 2009-07-09
|g 1590.00
|l 3
|m 37
|o 809.89287 WHI
|p 3010016540
|r 2026-04-21
|s 2019-11-06
|t 1
|w 2009-07-09
|y BK
|
| 952 |
|
|
|0 0
|1 0
|2 ddc
|4 0
|6 809_892870000000000_WHI_2004
|7 0
|9 14296
|a BRACUL
|b BRACUL
|c GEN
|d 2011-02-01
|l 10
|m 56
|o 809.89287 WHI
|p 3010015888
|r 2025-12-11
|s 2025-11-08
|t 2
|w 2011-02-01
|y BK
|